000
00321nam a2200133Ia 4500
005
20250603145246.0
008
250603s9999 xx 000 0 und d
050
_a
KP 35 .C84/
100
_a
Mr Eyo o. Ekpo
245
0
_a
Laws of Cross Rivers States
260
_b
LexixNexis Buther worths
260
_c
2004
942
_c
BK
999
_c
41336
_d
41336